Угадай учёного по фото - Statistics

General Stats
  • This quiz has been taken 171 times
  • The average score is 4 of 20
Answer Stats
Picture Answer % Correct
Дмитрий Менделеев
87%
Игорь Курчатов
38%
Андрей Сахаров
37%
Лев Ландау
28%
Софья Ковалевская
28%
Николай Лобачевский
27%
Пётр Капица
19%
Николай Пирогов
18%
Николай Вавилов
18%
Жорес Алфёров
17%
Андрей Туполев
14%
Иван Сеченов
14%
Владимир Вернадский
11%
Игорь Сикорский
11%
Павел Яблочков
8%
Леонард Эйлер
7%
Яков Перельман
6%
Николай Зелинский
5%
Александр Лодыгин
3%
Николай Зинин
3%
No matching quizzes found
Score Distribution
Percent of People with Each Score
Percentile by Number Answered
Your Score History
You have not taken this quiz